00906nam a2200169 a 450000100060000000300090000600800410001502000150005604000280007108200140009924500440011326000270015730000110018450504680019565000350066365000380069822796CO-ViMGA141112s2004 ck r 000 u spa d a8489738319 aCO-ViMGAbspacCO-ViMGA04aR612 E52410aEnciclopedia tematica del cuerpo humano aEspaña : bParamón a3 Vol. aVolumen 1 : Como es. El sistema oseo, El aparato respiratorio, El aparato reproductor, Los sentidos, El aparto digestivo, La sangre y el bazo , El aparato excretor. \ Volumen 2 : Como funciona : La celula, Aparato excretor, Los sentidos, Aparato reproductor, Sistema endocrino, Sistema inmunologico, Aparato digestivo. \ Volumen 3 : Como cuidarlo : Aparato excretor, Los sentidos, Aparato reproductor, Sistema endocrino, Sistema inmunologico, Aparato digestivo.14aCUERPO HUMANO - ENCICLOPEDIAS 14aFISIOLOGIA HUMANA - ENCICLOPEDIAS